| 000 | 00853nam a22001337a 4500 | ||
|---|---|---|---|
| 040 | _cRUA | ||
| 082 | _aLMA HON 2013 B317 Or.1 | ||
| 100 | _aHON, KEILONG. | ||
| 245 | _aStudy on the status of land titling for indigenous community in laenkren village ochum commune ochum district rattanakiri province, សិក្សាអំពីស្ថានភាពនៃការទទួលបានប័ណ្ណកម្មសិទ្ធិដីធ្លីរបស់សហគមន៍ជនជាតិដើមភាគតិចភូមិល្អឺនក្រែនឃុំអូរជុំ ស្រុកអូរជុំ ខេត្តរតនគិរី | ||
| 260 |
_aPhnom Penh _bRUA _c2013 |
||
| 300 |
_ax; 47p. _bill. _c29cm. |
||
| 856 | _uhttps://drive.google.com/file/d/1dtElE6R3ZC5grXpES5Ql7JaiYDHUJ6Jx/view?usp=sharing | ||
| 942 | _cLMA | ||
| 999 |
_c5605 _d5605 |
||